000 00829nam a2200289Ia 4500
001 15964
003 IT-RoPAU
008 130308s9999 xx 000 0 und d
040 _aIT-RoPAU
040 _cIT-RoPAU
041 _aFRANCESE
100 _aLallier (Mons.)
100 _gCodice Aut. SPICS: 4917
245 _aAllocution de son excellence monseigneur Lallier
245 _bTechniques de Diffusion Dans la Civilisation Contemporaine (Les)
250 _a1a ed.
260 _aLYON
260 _bChronique Sociale De France
260 _c1955 [1° Ed.:1955 - Ed.Ling.Originale:1955]
300 _a"4 p. (prefazione: no ; testo: 4 [pagine: 11-14])"
650 _aCONVEGNI/MANIFESTAZIONI PASTORALE D.CS
650 _eCodice materia Spics: 9315
942 _cBK
957 _71
999 _c64573
_d64573
999 _bSI
999 _g1